000 00956nam a2200289 a 4500
001
003 DO-SdBNP
005 20240704122627.0
008 081212s2009 ur 000 0 spa d
020 _a9789974807761 (o.c)
040 _aBPMSU
_bspa
_cBPMSU
082 _a372.6
_bJ93s 2010
_222
245 1 0 _a Jugando se aprende ortografía :
_bmanual práctico con juegos y ejercitaciones, para adquirir y fijar conocimientos y reglas ortográficas /
_c María Teresa Forero redacción; ilustraciones Víctor Marcelo Páez
250 _a
260 _aUruguay :
_bLexus,
_c2009
300 _av. ;
_c28 cm.
500 _a
504 _a
590 _aInventariado, 2024/VM
650 4 _aEspañol
_xOrtografía
650 4 _aEspañol
_xOrtografía
_xEnseñanza
700 1 _aForero, María Teresa
_eredacciòn
700 1 _aPáez, Víctor Marcelo
_eilustraciones
710 2 _4Lexus
910 _aVMateo V. Control de calidad. BPMSU
942 _2ddc
_cBK
999 _c14717
_d14717